000 00419nam a22001817a 4500
003 LK-CoDNM
005 20241219141006.0
008 241219b |||||||| |||| 00| 0 eng d
040 _aLK-CoDNM
_dLK-CoDNM
_eLK-CoDNM
041 _aeng
080 _a2
_bH23
245 _aLa Perle
260 _aParis
_bGaston Doin, Editeur
_c1925
300 _a421p. : 21 cm
650 _aScience
650 _a1925
942 _cBK
999 _c233694
_d233694